Cathédrales de France n°3 - Statistiques

Statistiques générales
  • Ce quiz a été pris 137 fois
  • Le résultat moyen est 7 sur 15
Statistiques - réponses
Par images Hint Réponse % Correct
1163 Notre-Dame, Paris
92%
1856 Notre-Dame-de-la-Treille, Lille
83%
XIIe Notre-Dame, Le Puy-en-Velay
64%
1727 Saint-Christophe, Belfort
61%
XIIIe Saint-Etienne, Toul
57%
1119 Saint-Etienne, Cahors
56%
Ve Saint-Léonce, Fréjus
53%
1176 Saint-Gervais-et-Saint-Protais, Soissons
47%
Xe Saint-Cyr-et-Sainte-Julitte, Nevers
46%
1112 Saint-Pierre, Saintes
45%
1526 Saint-Pierre, Annecy
43%
1887 Saint-Joseph, Nouméa
30%
1748 Saint-Louis, Choisy-le-Roi
25%
XIIe Notre-Dame-et-Saint-Thyrse, Sisteron
16%
XIe Notre-Dame-de-la-Nativité, Vence
13%
Aucun quiz correspondant
Distribution des résultats
% des personnes avec chaque résultat
Percentile par nombre de réponses
Votre historique - résultats
Vous n’avez pas pris ce quiz